[Event "Yinzhou Cup CHN-USA Rapid"]
[Site "Ningbo CHN"]
[Date "2013.07.27"]
[Round "10.4"]
[White "Guo, Qi"]
[Black "Melekhina, Alisa"]
[Result "1-0"]
[WhiteTitle "WGM"]
[BlackTitle "FM"]
[WhiteElo "2446"]
[BlackElo "2216"]
[WhiteTeam "CHN"]
[BlackTeam "USA"]
[WhiteFideId "8604002"]
[BlackFideId "2022613"]
[EventDate "2013.07.25"]

1. d4 Nf6 2. Nf3 c5 3. d5 g6 4. Nc3 d6 5. e4 Bg7 6. Bb5+ Nbd7 7. a4 O-O 8. O-O
Ne8 9. Bf4 Nc7 10. Re1 f6 11. Bf1 Rb8 12. Nd2 b6 13. Bg3 a6 14. Nc4 Ne5 15. Na3
Bd7 16. f4 Nf7 17. Nc4 b5 18. axb5 axb5 19. Ne3 b4 20. Nb1 f5 21. exf5 Bxb2 22.
Ra2 Bf6 23. fxg6 hxg6 24. Kh1 Nh6 25. Bd3 Kg7 26. Nd2 Nb5 27. Bxb5 Rxb5 28. Ne4
Bd4 29. Ng5 Ra5 30. Rxa5 Qxa5 31. Nc4 Qd8 32. Qe2 Nf5 33. Bf2 Bc3 34. Rf1 Nd4
35. Bxd4+ Bxd4 36. Qe1 Bf6 37. Ne6+ Bxe6 38. dxe6 d5 39. Ne5 Qd6 40. Nd7 Ra8 41.
Qe2 Ra6 42. Nxc5 Rc6 43. Nd3 Qxe6 44. Qxe6 Rxe6 45. Nxb4 Re2 46. Nxd5 Rxc2 47.
h3 Kf7 48. Ne3 Rc3 49. Ng4 Rc5 50. Kh2 Kg7 51. Rf2 Kf7 52. g3 Kg7 53. h4 Kf7 54.
Kh3 Kg7 55. Ra2 Rc7 56. Ra6 Rb7 57. Nf2 Rb4 58. Nd3 Rc4 59. Ra7 Kf7 60. Rb7 Rc3
61. Nf2 Rc4 62. Kg4 Rc5 63. Ne4 Ra5 64. Rc7 Rd5 65. Ra7 Rd4 66. Nf2 Rc4 67. Rb7
Rd4 68. h5 gxh5+ 69. Kxh5 Rd2 70. Nh3 Rd3 71. Kg4 Ra3 72. Ng1 Rc3 73. Nf3 Ra3
74. Rb4 Rc3 75. Re4 Ra3 76. f5 Rc3 77. Kf4 Rc8 78. g4 Ra8 79. g5 Bb2 80. g6+ Kf8
81. Rb4 Bf6 82. Ng5 Kg8 83. Ne6 Rc8 84. Ke4 Ra8 85. Rb7 Rc8 86. Kd5 Kh8 87. Rd7
Kg8 88. Rd8+ Rxd8+ 89. Nxd8 Kf8 90. Ke6 Bh4 91. Kd7 Bf6 92. Ne6+ Kg8 93. Ke8 Bh4
94. Nf4 Kg7 95. Nh5+ Kg8 96. Kd7 Bg5 97. Ke6 Bh4 98. Nf4 Kg7 99. Nd5 Kf8 100.
Nb6 Bg5 101. Nd7+ Kg7 102. Ne5 1-0

[Event "Yinzhou Cup CHN-USA Rapid"]
[Site "Ningbo CHN"]
[Date "2013.07.27"]
[Round "10.5"]
[White "Ni, Viktorija"]
[Black "Ju, Wenjun"]
[Result "0-1"]
[WhiteTitle "WIM"]
[BlackTitle "WGM"]
[WhiteElo "2173"]
[BlackElo "2531"]
[WhiteTeam "USA"]
[BlackTeam "CHN"]
[WhiteFideId "11602252"]
[BlackFideId "8603006"]
[EventDate "2013.07.25"]

1. d4 Nf6 2. c4 c5 3. d5 e5 4. Nc3 d6 5. e4 Be7 6. Be2 Nbd7 7. Be3 O-O 8. g4 a6
9. a4 Rb8 10. h4 Ne8 11. g5 f6 12. Nh3 g6 13. gxf6 Ndxf6 14. h5 Nxh5 15. Bxh5
gxh5 16. Qxh5 Nf6 17. Qh6 Ng4 18. Rg1 Kh8 19. Rxg4 Bxg4 20. Ng5 Bxg5 21. Bxg5
Qd7 22. Bf6+ Kg8 23. Kd2 Qf7 24. Rg1 Qxf6 25. Rxg4+ Kh8 26. Qxf6+ Rxf6 27. Nd1
Rbf8 28. Rg3 Rf3 29. Rg1 R8f4 30. Rh1 Rg4 31. Ke2 Rb3 32. f3 Rg2+ 33. Kf1 Rc2
34. Rh6 Rxf3+ 35. Ke1 Rg3 36. Kf1 Rd3 37. Nc3 Rdd2 0-1